| 000 | 00798nam a22002657a 4500 | ||
|---|---|---|---|
| 003 | CHAP | ||
| 005 | 20220329133858.0 | ||
| 008 | 971013s1980 r 00010 d | ||
| 010 | _a12161 | ||
| 011 | _a13133 | ||
| 035 | _a17204 | ||
| 040 | _cCHAP | ||
| 082 |
_a550 _bG4 |
||
| 245 | _aGeological nomenclature in English, Dutch, French, German, Spanish | ||
| 260 |
_aBohn : _bSchettma & Holkema, _c1980 |
||
| 300 | _a540 p. | ||
| 590 |
_aBATCH-UPD _b10 _c20130110 _lUCH01 _h2307 |
||
| 590 |
_aBATCH-UPD _b10 _c20130410 _lUCH01 _h1559 |
||
| 590 |
_aBATCH-UPD _b10 _c20130914 _lUCH01 _h1538 |
||
| 590 |
_aCONVERSION _b10 _c20130109 _lUCH01 _h1308 |
||
| 650 | 1 | 4 |
_aGeologĂa _xNomenclatura. _947633 |
| 901 | _aBK | ||
| 942 | _cLIBRO | ||
| 949 |
_a550 G4 _bBC _cC _d33724000515649 _eC _h58562 _i17204 _mDirecto _si |
||
| 999 |
_c12161 _d12161 |
||